LEADER 01240nam0 22003253i 450 001 VIA0060833 005 20231121125924.0 010 $a8815056777 100 $a20171109d1996 ||||0itac50 ba 101 | $aita 102 $ait 181 1$6z01$ai $bxxxe 182 1$6z01$an 200 1 $aOrientamento scolastico e professionale$fMaria Luisa Pombeni 205 $aNuova ed 210 $aBologna$cIl mulino$d1996 215 $a157 p.$d22 cm. 225 | $aAspetti della psicologia 410 0$1001CFI0306726$12001 $aAspetti della psicologia 700 1$aPombeni$b, Maria Luisa$3CFIV074326$4070$0143647 790 1$aPombeni$b, L.$3CFIV088301$zPombeni, Maria Luisa 790 1$aPombeni$b, Luisa$3MILV241719$zPombeni, Maria Luisa 801 3$aIT$bIT-01$c20171109 850 $aIT-FR0017 899 $aBiblioteca umanistica Giorgio Aprea$bFR0017 $eN 912 $aVIA0060833 950 0$aBiblioteca umanistica Giorgio Aprea$d 52MAG 9/1501*$e 52FLS0000074845 VMN RS $fA $h20171109$i20171109$d 52MAG 9/1501*$e 52DUP0000063805 VMN RS $fA $h20171109$i20171109 977 $a 52 996 $aOrientamento scolastico e professionale$9629573 997 $aUNICAS LEADER 02885oam 2200661I 450 001 9910783899803321 005 20230828210649.0 010 $a1-134-26267-1 010 $a1-134-26268-X 010 $a1-280-29158-3 010 $a9786610291588 010 $a0-203-69892-4 024 7 $a10.4324/9780203698921 035 $a(CKB)1000000000248394 035 $a(EBL)254276 035 $a(OCoLC)271808803 035 $a(SSID)ssj0000119653 035 $a(PQKBManifestationID)11146387 035 $a(PQKBTitleCode)TC0000119653 035 $a(PQKBWorkID)10073959 035 $a(PQKB)11731966 035 $a(MiAaPQ)EBC254276 035 $a(Au-PeEL)EBL254276 035 $a(CaPaEBR)ebr10163594 035 $a(CaONFJC)MIL29158 035 $a(OCoLC)814321189 035 $a(OCoLC)63167714 035 $a(EXLCZ)991000000000248394 100 $a20180331d2006 uy 0 101 0 $aeng 135 $aur|n|---||||| 181 $ctxt 182 $cc 183 $acr 200 10$aChallenging hegemonic masculinity /$fRichard Howson 210 1$aLondon ;$aNew York :$cRoutledge,$d2006. 215 $a1 online resource (200 p.) 225 1 $aRoutledge advances in sociology ;$v18 300 $aDescription based upon print version of record. 311 $a0-415-65376-2 311 $a0-415-35231-2 320 $aIncludes bibliographical references (p. [177]-183) and index. 327 $aBook Cover; Title; Copyright; Contents; Acknowledgements; 1 Masculinity, hegemony and the new challenge; 2 Revolutionising the revolution; 3 'Ascendency in a play of social forces'; 4 The application of hegemony to gender; 5 Constructing a study of masculinities and family law; 6 A critico-historical analysis of masculinities and family law; 7 Radical pluralism; 8 Radical organic protest in gender; 9 Conclusion; Notes; Bibliography; Index 330 $aIn the past twenty years there has been a growing interest in the issues surrounding men and masculinity. Driven primarily by the second-wave feminist critique of the legitimacy or hegemony of masculine practice and culture, the hegemony of men in social spheres such as the family, law, and the workplace can no longer be taken for granted. Beginning with the work of Antonio Gramsci and a focus on developing the full complexity of his theory of hegemony, Howson's fascinating new book then moves on through theory, applications and analysis of various topical issues, discussing a 410 0$aRoutledge advances in sociology ;$v18. 606 $aMen 606 $aMasculinity 615 0$aMen. 615 0$aMasculinity. 676 $a305.31 700 $aHowson$b Richard$f1961,$01561533 801 0$bMiAaPQ 801 1$bMiAaPQ 801 2$bMiAaPQ 906 $aBOOK 912 $a9910783899803321 996 $aChallenging hegemonic masculinity$93828414 997 $aUNINA